Normal view
MARC view
- William A. Robson
Entry Personal Name
001 - CONTROL NUMBER
- control field: 110071
003 - CONTROL NUMBER IDENTIFIER
- control field: NUST
005 - DATE AND TIME OF LATEST TRANSACTION
- control field: 20230309125925.0
008 - FIXED-LENGTH DATA ELEMENTS
- fixed length control field: 230309|| aca||aabn | a|a d
040 ## - CATALOGING SOURCE
- Original cataloging agency: NUST
- Transcribing agency: NUST
100 ## - HEADING--PERSONAL NAME
- Personal name: William A. Robson
670 ## - SOURCE DATA FOUND
- Source citation: Work cat.: (NUST)193903: William A. Robson, Social Security /, 1945
